000
00310nam a22001217a 4500
082
_a
671.732 BLO'P
100
_a
HOGABOOM, GEORGE B,BLUM, WILLIAM
_9
57208
245
_a
PRINCIPLES OF ELECTROPLATING AND ELECTROFORMING
250
_a
3RD
260
_a
NEWYORK
_b
MCGRAW HILL
_c
1949
300
_a
455P
942
_c
BK
999
_c
567500
_d
567500